00654cam a2200205 i 4500001001300000003000400013005001700017008004100034010001700075040001800092050002400110100004900134245011200183250002100295260006700316300002000383500001600403500001200419999001700431sa 68006125 DLC20260227112513.0811029s1957 ii 000 0 mar  asa 68006125  aDLCcDLCdDLC00aPK2418.D42bT8 19571 aDeshpande, Purushottam Lakshman,d1919-2000.10aTujhẽ āhe tujapāśī̃ :btīna aṅkī nāṭaka /cPurushottama Lakshmaṇa Deśapāṇḍe. a[2. āvr̥tti]. aMumbaī :bGa.Pā̃. Paracure Prakāśana Mandira,c[1957] a94 p. ;c19 cm. aIn Marathi. aA play. c81122d81122